000 00658nam a22002297a 4500
001 86550
003 UA-OsUOA
005 20211105205535.0
007 ta
008 20120906b un ||||| |||| 00| 0 ukr d
040 _aUA-OsUOA
_brus
_cUA-OsUOA
_dUA-OsUOA
041 _arus
080 _a94(47+57)
090 _a94(47+57)
_bК86
100 _aКсенофонтов И. Н.
245 _aМир, которого хотели и который ненавидели
_bдокументальный репортаж
260 _aМ.
_bПолитиздат
_c1991
300 _a415 с.
650 7 _a94 Історія
_2UDC
942 _cBK
_2udc
955 _a5
999 _c372644
_d372644